| 000 | 00730nam a2200217Ia 4500 | ||
|---|---|---|---|
| 008 | 220216s9999 xx 000 0 und d | ||
| 100 | _aSeguin Marc | ||
| 245 | 0 | _aIntegration of microsatellite (SSR) markers in Hevea spp reference genetic: A powerful tool for genetic analysis of qualitative and quantitative agronomic traits | |
| 260 | _bIRRDB Natural Rubber Conference 2008, 13-15 October 2008, Kuala Lumpur, Malaysia: Abstract of papers | ||
| 500 | _aSource Year: 2008 | ||
| 650 | _aAFLP | ||
| 650 | _aGenome mapping | ||
| 650 | _aMicrosyslus ulei | ||
| 650 | _aQTL | ||
| 650 | _aRFLP | ||
| 650 | _aSSR | ||
| 700 | _a6aWeber Christelle | ||
| 700 | _aRodier-Goud Marguerite | ||
| 856 | _uAbst only | ||
| 942 | _cJS | ||
| 999 |
_c61484 _d61484 |
||